[Event "Titled Tuesday intern op 14th Dec"]
[Site "Chess.com INT"]
[Date "2021.12.14"]
[Round "6"]
[White "Zavivaeva, Emilia"]
[Black "Idrisov, Ildar F"]
[Result "0-1"]
[WhiteElo "1650"]
[BlackElo "2282"]
[PlyCount "66"]
[EventDate "2021.12.14"]
[EventType "swiss (blitz)"]
[EventRounds "11"]
[EventCountry "USA"]
[SourceTitle "EXT 2023"]
[Source "ChessBase"]
[SourceDate "2022.10.05"]
[SourceVersion "1"]
[SourceVersionDate "2022.10.05"]
[SourceQuality "1"]

1. e4 d5 2. exd5 Qxd5 3. Nc3 Qd6 4. d4 a6 5. Nf3 Nf6 6. Bc4 Bf5 7. 0-0 e6 8. Ne5 Nc6 9. Nxc6 Qxc6 10. Bb3 0-0-0 11. Be3 Ng4 12. d5 exd5 13. Bxd5 Qd6 14. g3 Nxe3 15. fxe3 Be6 16. e4 Qc5+ 17. Kh1 c6 18. Bxe6+ fxe6 19. Qg4 Qe5 20. Na4 Kb8 21. a3 h5 22. Qh4 g5 23. Qh3 Be7 24. Qg2 g4 25. b4 h4 26. gxh4 Rxh4 27. Rae1 Rdh8 28. Re2 Bd6 29. Nb6 Rxh2+ 30. Kg1 Rxg2+ 31. Rxg2 Qd4+ 32. Rgf2 g3 33. Nd7+ Kc7 0-1

[Event "Titled Tuesday intern op 07th Dec"]
[Site "Chess.com INT"]
[Date "2021.12.07"]
[Round "7"]
[White "Bogumil, Tatiana"]
[Black "Zavivaeva, Emilia"]
[Result "1-0"]
[WhiteElo "2182"]
[BlackElo "1650"]
[PlyCount "71"]
[EventDate "2021.12.07"]
[EventType "swiss (blitz)"]
[EventRounds "11"]
[EventCountry "USA"]
[SourceTitle "CBM 205 Extra"]
[Source "ChessBase"]
[SourceDate "2022.01.31"]
[SourceVersion "1"]
[SourceVersionDate "2022.01.31"]
[SourceQuality "1"]

1. Nf3 b6 2. g3 Bb7 3. Bg2 g6 4. c4 Bg7 5. Nc3 e6 6. 0-0 Ne7 7. e4 0-0 8. d4 d6 9. Qe2 Nd7 10. Bg5 c5 11. Rfd1 cxd4 12. Nxd4 h6 13. Bxe7 Qxe7 14. Ndb5 Nc5 15. Nxd6 Bc6 16. e5 Bxg2 17. Kxg2 Rad8 18. f4 f6 19. b4 Nb7 20. Ncb5 Nxd6 21. exd6 Qb7+ 22. Qf3 Qxf3+ 23. Kxf3 e5 24. Rac1 exf4 25. gxf4 f5 26. Nc7 Rd7 27. Ne6 Rff7 28. Nxg7 Kxg7 29. c5 bxc5 30. bxc5 Rb7 31. c6 Rb8 32. c7 Ra8 33. c8Q Rxc8 34. Rxc8 Rd7 35. Rc7 Rxc7 36. dxc7 1-0

[Event "Titled Tuesday intern op 07th Dec"]
[Site "Chess.com INT"]
[Date "2021.12.07"]
[Round "1"]
[White "Vlassov, Nikolai"]
[Black "Zavivaeva, Emilia"]
[Result "1-0"]
[WhiteElo "2294"]
[BlackElo "1650"]
[PlyCount "97"]
[EventDate "2021.12.07"]
[EventType "swiss (blitz)"]
[EventRounds "11"]
[EventCountry "USA"]
[SourceTitle "CBM 205 Extra"]
[Source "ChessBase"]
[SourceDate "2022.01.31"]
[SourceVersion "1"]
[SourceVersionDate "2022.01.31"]
[SourceQuality "1"]

1. e4 c5 2. c3 e6 3. d4 d5 4. e5 Nc6 5. Nf3 Nge7 6. dxc5 Ng6 7. b4 Ncxe5 8. Nxe5 Nxe5 9. f4 Nc6 10. Bd3 Ke7 11. 0-0 Kd7 12. f5 Kc7 13. fxe6 fxe6 14. b5 Bxc5+ 15. Kh1 Ne7 16. Nd2 Rf8 17. Nb3 Bd6 18. c4 Bd7 19. Bb2 Rc8 20. c5 Bxh2 21. Kxh2 Kb8 22. Bxg7 Rg8 23. Be5+ Ka8 24. Qh5 Nf5 25. Bxf5 exf5 26. c6 bxc6 27. bxc6 Rxc6 28. Nd4 Rcg6 29. Rf2 Rg4 30. Nf3 Qb6 31. Rb2 Qe6 32. Rab1 a6 33. Rb8+ Rxb8 34. Rxb8+ Ka7 35. Rh8 Rg6 36. Rxh7 Kb6 37. Bf4 Qg8 38. Qxg6+ Qxg6 39. Rh6 Qxh6+ 40. Bxh6 Be6 41. Kg3 Bc8 42. Kf4 Kc5 43. Ke5 d4 44. Bf8+ Kc4 45. Nxd4 Kd3 46. Nxf5 Kc2 47. g4 Kb2 48. a3 Bb7 49. g5 1-0

[Event "Titled Tuesday intern op 30th Nov"]
[Site "Chess.com INT"]
[Date "2021.11.30"]
[Round "9"]
[White "Pohjala, Henri"]
[Black "Zavivaeva, Emilia"]
[Result "0-1"]
[WhiteElo "2345"]
[BlackElo "1650"]
[PlyCount "20"]
[EventDate "2021.11.30"]
[EventType "swiss (blitz)"]
[EventRounds "11"]
[EventCountry "USA"]
[SourceTitle "CBM 205 Extra"]
[Source "ChessBase"]
[SourceDate "2022.01.31"]
[SourceVersion "1"]
[SourceVersionDate "2022.01.31"]
[SourceQuality "1"]

1. b3 b6 2. Bb2 Bb7 3. c4 Nf6 4. Nf3 e6 5. g3 Be7 6. Bg2 0-0 7. 0-0 d5 8. Ne5 Nbd7 9. d4 c6 10. Nxc6 Bxc6 0-1

[Event "Titled Tuesday intern op 30th Nov"]
[Site "Chess.com INT"]
[Date "2021.11.30"]
[Round "2"]
[White "Zavivaeva, Emilia"]
[Black "Baches Garcia, Guillermo"]
[Result "0-1"]
[WhiteElo "1650"]
[BlackElo "2329"]
[PlyCount "126"]
[EventDate "2021.11.30"]
[EventType "swiss (blitz)"]
[EventRounds "11"]
[EventCountry "USA"]
[SourceTitle "CBM 205 Extra"]
[Source "ChessBase"]
[SourceDate "2022.01.31"]
[SourceVersion "1"]
[SourceVersionDate "2022.01.31"]
[SourceQuality "1"]

1. e4 c5 2. Nf3 d6 3. d4 cxd4 4. Nxd4 Nf6 5. Nc3 Nc6 6. Be3 Ng4 7. Bc1 Qb6 8. Bb5 Bd7 9. 0-0 Qxd4 10. Bxc6 Qxd1 11. Bxd7+ Kxd7 12. Rxd1 e6 13. f3 Ne5 14. Bf4 Ng6 15. Bg3 Kc6 16. Rd2 Be7 17. Rad1 Rhd8 18. Ne2 a6 19. b3 h5 20. c4 h4 21. Bf2 Bg5 22. Rd3 Ne5 23. Rd4 Bf6 24. R4d2 Rac8 25. b4 Kd7 26. c5 Nc4 27. Rc2 b5 28. cxb6 Nxb6 29. Rcd2 Nc4 30. Rc2 Rc6 31. a4 Rb8 32. f4 Rxb4 33. e5 Bd8 34. exd6 Rxa4 35. Rdc1 Rxd6 36. Rxc4 Rxc4 37. Rxc4 Rd1+ 38. Be1 Rxe1+ 39. Kf2 Rb1 40. Ra4 a5 41. Nc3 Rb2+ 42. Kf1 Bb6 43. Ne4 Rb4 44. Rxb4 axb4 45. Ke2 b3 46. Kd2 Bg1 47. h3 Bh2 48. f5 exf5 49. Ng5 Ke7 50. Kc3 Kf6 51. Nf3 Be5+ 52. Kxb3 g5 53. Kc2 Bg3 54. Kd3 g4 55. Nd2 Kg5 56. Ke2 Kf4 57. Nc4 Bh2 58. hxg4 fxg4 59. Nd6 f5 60. Nf7 h3 61. gxh3 gxh3 62. Kf2 Bg3+ 63. Kg1 Kg4 0-1

[Event "Titled Tuesday intern op 30th Nov"]
[Site "Chess.com INT"]
[Date "2021.11.30"]
[Round "11"]
[White "Zavivaeva, Emilia"]
[Black "Guevara, Robert N"]
[Result "0-1"]
[WhiteElo "1650"]
[BlackElo "1993"]
[PlyCount "234"]
[EventDate "2021.11.30"]
[EventType "swiss (blitz)"]
[EventRounds "11"]
[EventCountry "USA"]
[SourceTitle "CBM 205 Extra"]
[Source "ChessBase"]
[SourceDate "2022.01.31"]
[SourceVersion "1"]
[SourceVersionDate "2022.01.31"]
[SourceQuality "1"]

1. e4 e6 2. Nf3 d5 3. exd5 exd5 4. d4 Nf6 5. Nc3 c6 6. Ne5 Bd6 7. Bf4 0-0 8. Bd3 Re8 9. 0-0 Qc7 10. Re1 Be6 11. Qf3 Nbd7 12. Ne2 Nxe5 13. dxe5 Bxe5 14. Bxe5 Qxe5 15. c3 Qh5 16. Qg3 Rad8 17. Nf4 Qg4 18. Qxg4 Bxg4 19. Rxe8+ Rxe8 20. f3 Bd7 21. Kf2 g6 22. Ne2 Bc8 23. Nd4 Nd7 24. Nc2 Nc5 25. Be2 Bf5 26. Nd4 Bd3 27. Bxd3 Nxd3+ 28. Kg3 f5 29. Kh3 Nf4+ 30. Kg3 Ne2+ 31. Kf2 Nxd4 32. cxd4 Kf7 33. Rd1 Kf6 34. g3 g5 35. f4 Re4 36. Kf3 g4+ 37. Kf2 h5 38. Rd2 h4 39. b4 hxg3+ 40. hxg3 a6 41. a3 Ke7 42. Rd3 Kd6 43. Rd2 Kc7 44. Rd3 Kb6 45. a4 a5 46. bxa5+ Kxa5 47. Rb3 Ka6 48. Rd3 Ka5 49. Rb3 b6 50. Rc3 Rxd4 51. Rxc6 Rxa4 52. Rd6 Ra2+ 53. Ke3 Ra3+ 54. Kd4 Rxg3 55. Rxd5+ b5 56. Rxf5 Rg1 57. Rg5 g3 58. Ke3 Ka4 59. f5 b4 60. f6 g2 61. f7 Rf1 62. Rxg2 Rxf7 63. Kd3 Rc7 64. Rg8 Kb3 65. Rb8 Ka3 66. Ra8+ Kb2 67. Rb8 b3 68. Rb5 Ka2 69. Rb8 b2 70. Ra8+ Kb1 71. Rb8 Kc1 72. Rb3 b1Q+ 73. Rxb1+ Kxb1 74. Kd4 Kc1 75. Kd3 Kd1 76. Kd4 Ke1 77. Kd3 Kf1 78. Ke3 Kg1 79. Kd3 Kh1 80. Kd4 Kh2 81. Ke4 Kh3 82. Kd3 Kh4 83. Kd4 Kh5 84. Ke4 Kh6 85. Kf5 Kh7 86. Ke5 Kh8 87. Kd6 Rf7 88. Kd5 Kg7 89. Kd6 Kf6 90. Kd5 Re7 91. Kd4 Re5 92. Kd3 Kf5 93. Kd4 Kf4 94. Kd3 Re4 95. Kc3 Ke3 96. Kc2 Rd4 97. Kc3 Ke4 98. Kc2 Rd3 99. Kc1 Kd4 100. Kc2 Kc4 101. Kb2 Rc3 102. Ka2 Rb3 103. Ka1 Kc3 104. Ka2 Kc2 105. Ka1 Rc3 106. Ka2 Rd3 107. Ka1 Re3 108. Ka2 Rf3 109. Ka1 Rg3 110. Ka2 Rh3 111. Ka1 Rg3 112. Ka2 Rf3 113. Ka1 Re3 114. Ka2 Rd3 115. Ka1 Rc3 116. Ka2 Rb3 117. Ka1 Ra3# 0-1